00562 2200217 4500001002100000005001700021008004100038035002400079082001100103090001800114100002300132245004700155250001100202260003500213300002500248650002200273850001300295980001500308985000600323999001500329YOGYA-0209000002026620090227023415.0 ind  0010-020900000020266 a323.35 a323.35bKus H aKUSUMAH, Mulyana W aHukum dan hak-hak asasicMulyana W Kusumah aCet. 1 aBandungbPenerbit Alumnic1981 aviii, 142 hlmc21 cm aHak asasi manusia aYOPDYOGB a17-06-2006 a1 aP000016093